[Event "20th HZ Open 2016"]
[Site "Vlissingen NED"]
[Date "2016.08.07"]
[Round "3.2"]
[White "Van Wely, Loek"]
[Black "Rosen, Eric S"]
[Result "1-0"]
[WhiteTitle "GM"]
[BlackTitle "IM"]
[WhiteElo "2657"]
[BlackElo "2385"]
[WhiteFideId "1000268"]
[BlackFideId "2032562"]
[EventDate "2016.08.06"]

1. d4 Nf6 2. c4 e6 3. Nf3 b6 4. g3 Bb7 5. Bg2 g6 6. O-O Bg7 7. Nc3 Ne4 8. Nxe4
Bxe4 9. Bg5 f6 10. Be3 Nc6 11. Rc1 O-O 12. Qb3 f5 13. Rfd1 h6 14. d5 Na5 15. Qa3
e5 16. b4 Nb7 17. c5 Qf6 18. Qa6 Rfb8 19. Nxe5 Qxe5 20. Bf4 Qb2 21. Bxc7 Bxg2
22. Rb1 Qc2 23. Kxg2 Nxc5 24. bxc5 Re8 25. Rbc1 Qe4+ 26. Kg1 bxc5 27. Qxg6 Qxe2
28. Bf4 h5 29. Qxf5 Rf8 30. Qxd7 Kh8 31. Re1 Qxa2 32. Re5 Rxf4 33. Rxh5+ Kg8 34.
gxf4 Bd4 35. Qh7+ Kf8 36. Rf5+ 1-0

[Event "20th HZ Open 2016"]
[Site "Vlissingen NED"]
[Date "2016.08.07"]
[Round "3.3"]
[White "Warmerdam, Max"]
[Black "Oleksiyenko, Mykhaylo"]
[Result "1-0"]
[WhiteTitle "FM"]
[BlackTitle "GM"]
[WhiteElo "2372"]
[BlackElo "2610"]
[WhiteFideId "1048104"]
[BlackFideId "4152417"]
[EventDate "2016.08.06"]

1. e4 c5 2. Nf3 e6 3. d4 cxd4 4. Nxd4 a6 5. Nc3 b5 6. Bd3 Qb6 7. Nf3 Qc7 8. O-O
Bb7 9. Re1 Be7 10. e5 f5 11. Nd4 g6 12. Bf4 h5 13. Qd2 Nc6 14. Nf3 Nd8 15. Ng5
h4 16. h3 Nh6 17. Bf1 Nhf7 18. a4 b4 19. Na2 Nc6 20. Nxf7 Kxf7 21. Rad1 Rad8 22.
Bg5 Bxg5 23. Qxg5 Nxe5 24. Nxb4 a5 25. Nd3 Nxd3 26. Rxd3 Be4 27. Rc3 Qd6 28. Bb5
Rc8 29. Rxc8 Rxc8 30. c4 Rh8 31. Qc1 Bc6 32. Rd1 Qe5 33. Bxc6 dxc6 34. Rd7+ Kf6
35. f4 Qc5+ 36. Kh1 e5 37. Qc3 Re8 38. Qe1 Qxc4 39. Qxh4+ Ke6 40. Rd1 exf4 41.
Re1+ 1-0

[Event "20th HZ Open 2016"]
[Site "Vlissingen NED"]
[Date "2016.08.07"]
[Round "3.4"]
[White "Vereggen, Lars"]
[Black "Landa, Konstantin"]
[Result "0-1"]
[WhiteTitle "FM"]
[BlackTitle "GM"]
[WhiteElo "2359"]
[BlackElo "2597"]
[WhiteFideId "1029258"]
[BlackFideId "4101685"]
[EventDate "2016.08.06"]

1. e4 c6 2. d4 d5 3. Nd2 dxe4 4. Nxe4 Bf5 5. Ng3 Bg6 6. Nh3 Nd7 7. Nf4 Ngf6 8.
Bc4 Qc7 9. O-O e6 10. Bxe6 fxe6 11. Nxe6 Qd6 12. Qe2 Kf7 13. Ng5+ Kg8 14. Bf4
Qe7 15. Qc4+ Nd5 16. Bd2 h6 17. Rfe1 Qd8 18. Nf3 Qb6 19. b4 Bf7 20. Ne5 Nxe5 21.
dxe5 Re8 22. a3 Ne3 23. Qd3 Ng4 24. Qf5 Be6 25. Qf3 h5 26. h3 h4 27. Nf5 Nxf2
28. Be3 Nxh3+ 29. gxh3 Qc7 30. Nd6 Bxd6 31. exd6 Qxd6 32. Bc5 Qc7 33. Rad1 Rh6
34. Bd6 Qd7 35. Qd3 Qf7 36. Rf1 Qg6+ 0-1

[Event "20th HZ Open 2016"]
[Site "Vlissingen NED"]
[Date "2016.08.07"]
[Round "3.5"]
[White "David, Alberto"]
[Black "Berchtenbreiter, Maximilian"]
[Result "1/2-1/2"]
[WhiteTitle "GM"]
[BlackTitle "IM"]
[WhiteElo "2561"]
[BlackElo "2373"]
[WhiteFideId "4000013"]
[BlackFideId "24641120"]
[EventDate "2016.08.06"]

1. e4 c6 2. d4 d5 3. Nc3 g6 4. Nf3 Bg7 5. h3 dxe4 6. Nxe4 Nf6 7. Nxf6+ exf6 8.
Bd3 O-O 9. O-O a5 10. Re1 Na6 11. c3 Nc7 12. Bf4 Nd5 13. Bd2 Qd6 14. c4 Nf4 15.
c5 Qc7 16. Bxf4 Qxf4 17. Bc4 Qc7 18. d5 cxd5 19. Bxd5 Bd7 20. Rc1 Bc6 21. Bxc6
bxc6 22. Qe2 Rfd8 23. Nd2 Rd5 24. Ne4 f5 25. Nd6 Be5 26. Nc4 Re8 27. Nxe5 Rexe5
28. Qc2 Qe7 29. Rxe5 Qxe5 30. a3 f4 31. b4 f3 32. bxa5 Qg5 33. g3 Rd2 34. Qc3
Rd3 35. Qxd3 Qxc1+ 36. Kh2 Qxc5 37. Qxf3 Qxa5 38. Qxc6 1/2-1/2

[Event "20th HZ Open 2016"]
[Site "Vlissingen NED"]
[Date "2016.08.07"]
[Round "3.6"]
[White "Breukelman, Jan"]
[Black "Zeng, Chongsheng"]
[Result "1-0"]
[WhiteTitle "FM"]
[BlackTitle "GM"]
[WhiteElo "2325"]
[BlackElo "2538"]
[WhiteFideId "1015583"]
[BlackFideId "8603847"]
[EventDate "2016.08.06"]

1. d4 Nf6 2. c4 e6 3. Nc3 Bb4 4. a3 Bxc3+ 5. bxc3 O-O 6. f3 Nh5 7. Nh3 f5 8. Bg5
Qe8 9. g4 fxg4 10. fxg4 Nf6 11. Bxf6 Rxf6 12. Bg2 Nc6 13. Qd3 b6 14. Be4 g6 15.
g5 Rf8 16. Nf2 Ba6 17. Bxc6 dxc6 18. Ng4 e5 19. Nf6+ Rxf6 20. gxf6 Qe6 21. Rf1
Bxc4 22. Qe3 exd4 23. Qxe6+ Bxe6 24. cxd4 Bd5 25. Kd2 Kf7 26. Rf4 Re8 27. Rg1
Be4 28. Rg3 Bf5 29. Rc3 Re6 30. d5 cxd5 31. Rxc7+ Kxf6 32. Rxa7 h5 33. Rb4 Bg4
34. e3 Kg5 35. Ra6 Rf6 36. Rf4 Rc6 37. a4 Bc8 38. h4+ Kh6 39. Ra7 Bf5 40. Rb7
Rc2+ 41. Kd1 Rb2 42. Ke1 Bc8 43. Rc7 Bf5 44. Kf1 Rb1+ 45. Kf2 Rb2+ 46. Kg3 Rb3
47. Re7 Rb2 48. Rb7 Re2 49. Kf3 Ra2 50. Rb4 Be4+ 51. Kf4 Rf2+ 52. Ke5 Rh2 53.
R7xb6 Rxh4 54. a5 Rh3 55. Kd4 Rh1 56. Ra4 Bf3 57. Rbb4 Rd1+ 58. Ke5 d4 59. Rxd4
Rc1 60. e4 Rc8 61. a6 Kg5 62. a7 Re8+ 63. Kd5 Ra8 64. Rdb4 h4 65. Rb8 Rxa7 66.
Rxa7 h3 67. Rh8 Bh5 68. Rxh5+ gxh5 69. e5 1-0

[Event "20th HZ Open 2016"]
[Site "Vlissingen NED"]
[Date "2016.08.07"]
[Round "3.7"]
[White "Ikonnikov, Vyacheslav"]
[Black "Freeke, Matthieu"]
[Result "1/2-1/2"]
[WhiteTitle "GM"]
[BlackTitle "FM"]
[WhiteElo "2536"]
[BlackElo "2354"]
[WhiteFideId "4100972"]
[BlackFideId "1013459"]
[EventDate "2016.08.06"]

1. d4 d5 2. Nf3 Nf6 3. c4 e6 4. Nc3 c6 5. Qb3 dxc4 6. Qxc4 b5 7. Qd3 a6 8. Bg5
c5 9. a4 b4 10. Ne4 cxd4 11. Nxd4 Bb7 12. Nxf6+ gxf6 13. Bh4 Be7 14. e4 Nd7 15.
Nb3 Rg8 16. Bg3 Nc5 17. Nxc5 Bxc5 18. O-O-O Qxd3 19. Bxd3 Rc8 20. Kb1 Ke7 21. f3
Rgd8 22. Be2 Bd4 23. Rc1 Be5 24. Rxc8 Bxc8 25. Rc1 Rd2 26. Rc2 Rxc2 27. Kxc2
Bxg3 28. hxg3 Kd6 29. a5 Kc5 30. g4 Bb7 31. Kd3 Bc6 32. Ke3 Bb7 33. b3 h6 34.
Bc4 Bc8 35. f4 Bb7 36. f5 e5 37. Kd3 Bc8 38. Bxf7 Bd7 39. Bc4 Bc8 40. Ke3 Bb7
41. Bd3 Bc8 42. Be2 Bb7 43. Bc4 Bc8 44. Be6 Bb7 45. Bc4 Bc8 46. Be2 Bb7 47. Bf1
Bc8 48. Bc4 Bb7 49. Bd3 Bc8 50. Bc4 Bb7 51. Kd3 Bc8 52. Be6 Bb7 53. Bc4 Bc8 1/2-1/2

[Event "20th HZ Open 2016"]
[Site "Vlissingen NED"]
[Date "2016.08.07"]
[Round "3.8"]
[White "Hummel, Erik-Jan"]
[Black "Ernst, Sipke"]
[Result "1/2-1/2"]
[WhiteTitle "FM"]
[BlackTitle "GM"]
[WhiteElo "2294"]
[BlackElo "2535"]
[WhiteFideId "1009028"]
[BlackFideId "1004689"]
[EventDate "2016.08.06"]

1. d4 f5 2. g3 Nf6 3. Bg2 d6 4. Nf3 g6 5. O-O Bg7 6. b3 O-O 7. Bb2 c6 8. Ne1 Qe8
9. Nd3 g5 10. Nd2 Qg6 11. e3 Na6 12. Qe2 Nc7 13. c4 Kh8 14. f4 h6 15. e4 fxe4
16. Nxe4 Bf5 17. Nef2 Rae8 18. fxg5 hxg5 19. Rad1 Qh7 20. g4 Bd7 21. h3 Ne6 22.
d5 cxd5 23. cxd5 Nc7 24. Ne4 Nxe4 25. Qxe4 Qxe4 26. Bxg7+ Kxg7 27. Bxe4 Bb5 28.
Rfe1 a5 29. Nf2 Na6 30. Bf5 Nc5 31. Ne4 Nxe4 32. Rxe4 Rf7 33. Re3 Rd8 34. Re6
Bd7 35. Rg6+ Kf8 36. Be6 Bxe6 37. dxe6 Rg7 38. Rf1+ Kg8 39. Rxg7+ Kxg7 40. Rf7+
Kg6 41. Rxe7 Kf6 42. Rxb7 Kxe6 43. Ra7 d5 44. Kf2 Rh8 45. Ke3 Ke5 46. Re7+ Kf6
47. Ra7 Ke5 48. Re7+ Kf6 49. Ra7 1/2-1/2

[Event "20th HZ Open 2016"]
[Site "Vlissingen NED"]
[Date "2016.08.07"]
[Round "3.9"]
[White "Lin, Chen"]
[Black "Peek, Marcel"]
[Result "1/2-1/2"]
[WhiteTitle "GM"]
[BlackTitle "IM"]
[WhiteElo "2516"]
[BlackElo "2325"]
[WhiteFideId "8602298"]
[BlackFideId "1000462"]
[EventDate "2016.08.06"]

1. e4 c5 2. Nf3 Nc6 3. Nc3 Nf6 4. d4 cxd4 5. Nxd4 e5 6. Ndb5 d6 7. Bg5 a6 8. Na3
b5 9. Bxf6 gxf6 10. Nd5 f5 11. c3 Bg7 12. exf5 Bxf5 13. Nc2 Be6 14. Nce3 Ne7 15.
Nxe7 Qxe7 16. g3 O-O 17. Bg2 Rab8 18. O-O Kh8 19. Qd3 f5 20. Rad1 f4 21. Qxd6
Qf7 22. Nc2 Bxa2 23. Bd5 Bxd5 24. Qxd5 Qg6 25. Nb4 e4 26. Qd6 Qxd6 27. Rxd6 a5
28. Nd5 b4 29. cxb4 axb4 30. b3 fxg3 31. hxg3 Rf3 32. Ne3 Be5 33. Re6 Bxg3 34.
Rxe4 Bd6 35. Rd1 Bc5 36. Rd5 Bxe3 37. Rxe3 Rg8+ 38. Kf1 Rgf8 39. Rxf3 Rxf3 40.
Rb5 Rxb3 41. Rb7 Rb2 42. Kg2 Rb3 1/2-1/2

[Event "20th HZ Open 2016"]
[Site "Vlissingen NED"]
[Date "2016.08.07"]
[Round "3.10"]
[White "Hausrath, Daniel"]
[Black "Bezemer, Arno"]
[Result "1/2-1/2"]
[WhiteTitle "GM"]
[BlackTitle "FM"]
[WhiteElo "2487"]
[BlackElo "2315"]
[WhiteFideId "4617495"]
[BlackFideId "1001396"]
[EventDate "2016.08.06"]

1. Nf3 c5 2. b3 d6 3. e3 Bg4 4. h3 Bh5 5. g4 Bg6 6. Bg2 Nc6 7. Bb2 e5 8. d3 h5
9. g5 h4 10. Nc3 d5 11. Nd2 Nge7 12. Bf3 d4 13. Nce4 Nf5 14. Qe2 Be7 15. Rg1 Qc7
16. Bg4 Nb4 17. Kd1 Rd8 18. Qf3 Nd6 19. a3 Nxe4 20. Nxe4 Nd5 21. Ke2 b5 22. Rad1
c4 23. exd4 Nf4+ 24. Kf1 cxd3 25. cxd3 Qc2 26. Rd2 Qb1+ 27. Qd1 Qxd1+ 28. Rxd1
exd4 29. f3 O-O 1/2-1/2

[Event "20th HZ Open 2016"]
[Site "Vlissingen NED"]
[Date "2016.08.07"]
[Round "3.11"]
[White "Saravanan, V."]
[Black "Stany, G.A."]
[Result "1/2-1/2"]
[WhiteTitle "IM"]
[BlackTitle "IM"]
[WhiteElo "2281"]
[BlackElo "2476"]
[WhiteFideId "5000580"]
[BlackFideId "5029104"]
[EventDate "2016.08.06"]

1. Nf3 Nf6 2. c4 b6 3. g3 Bb7 4. Bg2 e6 5. O-O c5 6. Nc3 Be7 7. Re1 d6 8. e4 a6
9. d4 cxd4 10. Nxd4 Qc7 11. Be3 O-O 12. Rc1 Nbd7 13. f4 Rac8 14. g4 Nc5 15. Bf2
g6 16. f5 gxf5 17. gxf5 e5 18. Nd5 Bxd5 19. exd5 exd4 20. Bxd4 h6 21. Rc3 Kh7
22. b4 Rce8 23. Rh3 Ncd7 24. Be3 Rh8 25. Bxh6 Ne5 26. Re4 Nxe4 27. Bxe4 Reg8+
28. Kh1 Rg4 29. Bf4+ Kg8 30. Bxe5 Rg7 31. Rxh8+ Kxh8 32. Qh5+ Kg8 33. Bxg7 Kxg7
34. Bd3 Bf6 35. Qe2 a5 36. a3 axb4 37. axb4 Qa7 38. Kg2 Qa3 39. b5 Kf8 40. Kf3
Qc1 41. h3 1/2-1/2

[Event "20th HZ Open 2016"]
[Site "Vlissingen NED"]
[Date "2016.08.07"]
[Round "3.12"]
[White "Liang, Awonder"]
[Black "Lammens, Tim"]
[Result "1-0"]
[WhiteTitle "IM"]
[BlackTitle "FM"]
[WhiteElo "2465"]
[BlackElo "2305"]
[WhiteFideId "2056437"]
[BlackFideId "1008803"]
[EventDate "2016.08.06"]

1. e4 e5 2. Nf3 Nc6 3. Bb5 a6 4. Ba4 d6 5. O-O Nf6 6. Re1 Bd7 7. Bxc6 Bxc6 8.
Nc3 Be7 9. d4 exd4 10. Nxd4 Bd7 11. Qf3 O-O 12. h3 Re8 13. Bg5 Nd5 14. Bxe7 Nxe7
15. Rad1 Ng6 16. Nd5 Be6 17. c4 c6 18. Ne3 Qg5 19. Nxe6 Rxe6 20. Nf5 Nh4 21. Qg4
Qxg4 22. hxg4 Nxf5 23. gxf5 Rh6 24. Re3 Kf8 25. Red3 Ke7 26. c5 dxc5 27. Rd7+
Kf6 28. f4 g5 29. R1d6+ Kg7 30. Rxh6 Kxh6 31. Rxf7 gxf4 32. e5 Re8 33. e6 Kg5
34. e7 b5 35. f6 1-0

[Event "20th HZ Open 2016"]
[Site "Vlissingen NED"]
[Date "2016.08.08"]
[Round "4.1"]
[White "Sukandar, Irine Kharisma"]
[Black "Van Wely, Loek"]
[Result "0-1"]
[WhiteTitle "IM"]
[BlackTitle "GM"]
[WhiteElo "2418"]
[BlackElo "2657"]
[WhiteFideId "7101937"]
[BlackFideId "1000268"]
[EventDate "2016.08.06"]

1. e4 c5 2. Nf3 e6 3. d4 cxd4 4. Nxd4 Nc6 5. Nc3 d6 6. Be2 Nf6 7. O-O Be7 8. Be3
O-O 9. f4 a6 10. Kh1 Bd7 11. a4 Rc8 12. Nb3 Nb4 13. a5 Bc6 14. Bb6 Qd7 15. Bf3
e5 16. Rf2 Bd8 17. fxe5 Bxb6 18. Rd2 Be3 19. Rxd6 Qe7 20. exf6 gxf6 21. Bg4 Rcd8
22. Rxd8 Rxd8 23. Qe2 Ba7 24. Bf5 Qe5 25. Qh5 Nxc2 26. Qh6 Be3 27. Qxh7+ Kf8 28.
Rf1 Bg5 29. h4 Ne3 30. Rf3 Bf4 31. g3 Nxf5 32. gxf4 Qe6 33. Nc5 Qc8 34. Kg1 Ke7
35. Rd3 Nd4 36. Qh5 Qc7 37. e5 Rg8+ 38. Kf2 fxe5 39. Qxe5+ Qxe5 40. fxe5 Rg2+
41. Kf1 Nf5 42. b4 Rb2 43. h5 Rxb4 44. h6 Rh4 45. Kf2 Rh2+ 46. Ke1 Nxh6 47. Nd5+
Kf8 48. Nf6 Rc2 49. Rd8+ Kg7 50. Nd3 Kg6 51. Rd6 Nf5 52. Rd8 Nh4 53. Nd5 Bxd5
54. Rxd5 Ng2+ 0-1

[Event "20th HZ Open 2016"]
[Site "Vlissingen NED"]
[Date "2016.08.08"]
[Round "4.2"]
[White "Landa, Konstantin"]
[Black "Koop, Thorben"]
[Result "1-0"]
[WhiteTitle "GM"]
[BlackTitle "IM"]
[WhiteElo "2597"]
[BlackElo "2412"]
[WhiteFideId "4101685"]
[BlackFideId "24661619"]
[EventDate "2016.08.06"]

1. e4 c5 2. Nf3 Nc6 3. Bb5 d6 4. O-O Bd7 5. Re1 a6 6. Bxc6 Bxc6 7. d4 cxd4 8.
Nxd4 Bd7 9. c4 Nf6 10. Nc3 e6 11. b3 Be7 12. a4 Rc8 13. Ba3 O-O 14. h3 Re8 15.
Qd3 Qb6 16. Rab1 Rcd8 17. Red1 Bc8 18. Nde2 Nd7 19. Qg3 Nf8 20. Nf4 Ng6 21. Nxg6
hxg6 22. Rd3 Bf8 23. Qf4 Rd7 24. Qd2 Red8 25. Qc2 Qc6 26. Rbd1 b5 27. axb5 axb5
28. cxb5 Qc7 29. Bb4 Bb7 30. Qa2 Ra8 31. Qd2 Rad8 32. Qe3 d5 33. Bxf8 Kxf8 34.
exd5 Bxd5 35. b4 Bb7 36. Rxd7 Rxd7 37. Qc5+ Ke8 38. Rxd7 Qxd7 39. f3 f5 40. b6
Bc6 41. Qe5 g5 42. Kh2 g4 43. hxg4 fxg4 44. fxg4 g5 45. Qh8+ Ke7 46. Qh7+ Ke8
47. Qg8+ Ke7 48. Qxg5+ Kf7 49. Qh5+ Kg7 50. Qe5+ Kg6 51. Ne2 1-0

[Event "20th HZ Open 2016"]
[Site "Vlissingen NED"]
[Date "2016.08.08"]
[Round "4.3"]
[White "Nitin, S."]
[Black "Liang, Awonder"]
[Result "0-1"]
[WhiteTitle "IM"]
[BlackTitle "IM"]
[WhiteElo "2398"]
[BlackElo "2465"]
[WhiteFideId "5018277"]
[BlackFideId "2056437"]
[EventDate "2016.08.06"]

1. e4 e5 2. Nf3 Nc6 3. Nc3 Nf6 4. d4 exd4 5. Nxd4 Bb4 6. Nxc6 bxc6 7. Bd3 O-O 8.
O-O d5 9. exd5 cxd5 10. h3 Re8 11. Qf3 c6 12. Bf4 Bd6 13. Rfe1 Be6 14. Ne2 Qb8
15. b3 c5 16. c4 dxc4 17. bxc4 Qc7 18. Bxd6 Qxd6 19. Nf4 Bd7 20. Nd5 Nxd5 21.
cxd5 g6 22. Bc4 Kg7 23. Rad1 Rxe1+ 24. Rxe1 Rb8 25. Bb3 Rc8 26. Bc4 Qf6 27. Qa3
Qf4 28. Qxa7 Bxh3 29. Bf1 Bg4 30. Qe7 Rc7 31. Qe4 Qxe4 32. Rxe4 Bf5 33. Ra4 Kf6
34. f4 Rd7 35. Bc4 Be4 36. Bb5 Rb7 37. Bc6 Rb4 38. Ra6 Kf5 39. d6 Rd4 40. Ba4
Kxf4 41. d7 Ke5 42. Ra5 Bf5 43. Rxc5+ Kf6 44. Rc4 Rd2 45. Rc7 Be6 46. Rc2 Rd4
47. Kf2 Ke7 48. Bb5 Bxd7 49. Ke3 Rb4 50. Bc4 Be6 51. Bxe6 Kxe6 52. Rc6+ Ke7 53.
Ra6 Rg4 54. Kf3 h5 55. a4 f6 56. Ra7+ Ke6 57. Ra6+ Ke5 58. Ra5+ Ke6 59. Ra6+ Kf7
60. Ra7+ Kg8 61. a5 Ra4 62. g3 g5 63. a6 f5 64. Ke3 g4 65. Ke2 Ra2+ 66. Ke3 Ra4
67. Ke2 Ra3 68. Kf2 h4 69. gxh4 f4 70. h5 g3+ 71. Kg2 Ra2+ 72. Kf3 g2 73. Ra8+
Kh7 0-1

[Event "20th HZ Open 2016"]
[Site "Vlissingen NED"]
[Date "2016.08.08"]
[Round "4.4"]
[White "Debashis, Das"]
[Black "Timmermans, Mark"]
[Result "0-1"]
[WhiteTitle "GM"]
[BlackTitle "FM"]
[WhiteElo "2459"]
[BlackElo "2387"]
[WhiteFideId "5024854"]
[BlackFideId "1026399"]
[EventDate "2016.08.06"]

1. e4 e5 2. Nf3 Nc6 3. Bb5 f5 4. d3 fxe4 5. dxe4 Nf6 6. O-O d6 7. a3 Be7 8. Bc4
Bg4 9. Qd3 Bxf3 10. Qxf3 Qd7 11. Nc3 Nd4 12. Qd3 c6 13. Ba2 b5 14. Ne2 Ne6 15.
Nc3 Bd8 16. Rd1 Ke7 17. a4 b4 18. Ne2 Bb6 19. a5 Bc5 20. Be3 Bxe3 21. Qxe3 Rhf8
22. h3 a6 23. Rd2 Qa7 24. Qd3 Rad8 25. Ng3 g6 26. Bxe6 Kxe6 27. Qc4+ Ke7 28.
Qxb4 Rd7 29. Qc3 Rb8 30. b3 Qc5 31. Qxc5 dxc5 32. Rxd7+ Nxd7 33. Ra4 Rb4 34.
Rxb4 cxb4 35. Nf1 c5 36. Nd2 Nb8 37. Kf1 Nc6 38. Nc4 Nd4 39. Ne3 Nc6 40. Ke2
Nxa5 41. Kd3 Nc6 42. h4 Nd4 43. Kc4 Kd6 44. h5 Nb5 45. h6 Kc6 46. Ng4 Nd6+ 47.
Kd3 Nf7 48. g3 g5 49. Ke3 a5 50. Kd3 Kb5 51. f4 gxf4 52. gxf4 exf4 53. e5 Ng5
54. Nf6 c4+ 55. bxc4+ Kc5 56. Nd7+ Kc6 57. Nf8 a4 58. e6 Kd6 59. c5+ Ke7 60. c6
Nxe6 0-1

[Event "20th HZ Open 2016"]
[Site "Vlissingen NED"]
[Date "2016.08.08"]
[Round "4.5"]
[White "Warmerdam, Max"]
[Black "Rathnakaran, K."]
[Result "0-1"]
[WhiteTitle "FM"]
[BlackTitle "IM"]
[WhiteElo "2372"]
[BlackElo "2452"]
[WhiteFideId "1048104"]
[BlackFideId "5005507"]
[EventDate "2016.08.06"]

1. e4 c5 2. Nf3 e6 3. d4 cxd4 4. Nxd4 Nc6 5. Nc3 Qc7 6. Be3 a6 7. Qf3 d6 8. Nxc6
bxc6 9. O-O-O Rb8 10. g4 Nf6 11. g5 Nd7 12. h4 Qa5 13. Rd4 c5 14. Ra4 Qb6 15. b3
Bb7 16. h5 Be7 17. Qg2 h6 18. g6 f5 19. Bc4 Bf6 20. Bd2 fxe4 21. Nxe4 d5 22.
Nxf6+ Nxf6 23. Bd3 c4 24. Be2 Ne4 25. Be3 d4 26. Bf3 dxe3 27. Bxe4 exf2 28. Bxb7
Rxb7 29. Rxc4 O-O 30. Rf1 Qe3+ 31. Kb1 Rb5 32. Re4 Rg5 33. Qh1 Qf3 34. Qxf3 Rxf3
35. Rd4 Kf8 36. Kc1 e5 37. Rd3 Rf6 38. Kd2 Rxh5 39. Rg3 Ke7 40. Ke2 Rhf5 41. Rg4
h5 42. Rg3 Ke6 43. Rg2 e4 44. Rg3 Ke5 0-1

[Event "20th HZ Open 2016"]
[Site "Vlissingen NED"]
[Date "2016.08.08"]
[Round "4.6"]
[White "Breukelman, Jan"]
[Black "Zelbel, Patrick"]
[Result "0-1"]
[WhiteTitle "FM"]
[BlackTitle "IM"]
[WhiteElo "2325"]
[BlackElo "2445"]
[WhiteFideId "1015583"]
[BlackFideId "24624322"]
[EventDate "2016.08.06"]

1. d4 Nf6 2. c4 e6 3. Nc3 Bb4 4. e3 O-O 5. Ne2 Re8 6. a3 Bf8 7. d5 a5 8. g3 exd5
9. cxd5 Na6 10. Bg2 Nc5 11. b3 b6 12. O-O Ba6 13. Ra2 Nfe4 14. Bb2 Qg5 15. Nxe4
Nxe4 16. Bxe4 Rxe4 17. Nc3 Ree8 18. Re1 h5 19. Qf3 Qg6 20. e4 Bd6 21. Bc1 f5 22.
Bf4 fxe4 23. Rxe4 Qf5 24. Ra1 Rxe4 25. Qxe4 Qxe4 26. Nxe4 Bxf4 27. gxf4 Bb7 28.
Ng5 Bxd5 29. Rd1 c6 30. b4 axb4 31. axb4 Rf8 32. Rd4 g6 33. f3 Kg7 34. Kg2 Ra8
35. Kg3 Kf6 36. Ne4+ Kf5 37. Nc3 Be6 38. Ne4 Ra3 39. Nd6+ Kf6 40. f5 Bd5 41.
fxg6 Rxf3+ 42. Kh4 Kxg6 0-1

[Event "20th HZ Open 2016"]
[Site "Vlissingen NED"]
[Date "2016.08.08"]
[Round "4.7"]
[White "Yuan, Ye"]
[Black "Docx, Stefan"]
[Result "1-0"]
[BlackTitle "IM"]
[WhiteElo "2166"]
[BlackElo "2420"]
[WhiteFideId "8608415"]
[BlackFideId "200778"]
[EventDate "2016.08.06"]

1. d4 d5 2. c4 c6 3. Nf3 Nf6 4. Nc3 dxc4 5. a4 Bf5 6. Ne5 Nbd7 7. Nxc4 Qc7 8. g3
e5 9. dxe5 Nxe5 10. Bf4 Nfd7 11. Bg2 f6 12. Nxe5 fxe5 13. Bg5 Nc5 14. O-O h6 15.
e4 Be6 16. Be3 Nb3 17. Rb1 Rd8 18. Nd5 cxd5 19. Qxb3 Qc4 20. Qxc4 dxc4 21. Bxa7
Ra8 22. Be3 Rxa4 23. f4 Be7 24. fxe5 Kd7 25. Rfd1+ Kc6 26. Bf1 b5 27. Bf2 Rf8
28. Rbc1 Ra2 29. Rc2 Rd8 30. Rxd8 Bxd8 31. Bd4 Bb6 32. Bxb6 Kxb6 33. Rd2 Ra6 34.
Kf2 Kc5 35. Be2 b4 36. Ke3 Ra7 37. Rd6 Re7 38. Bd1 Bf7 39. Rd8 Rxe5 40. Rc8+ Kd6
41. Kd4 Rb5 42. Be2 Kd7 43. Bxc4 Bxc4 44. Rxc4 Kd6 45. b3 h5 46. h4 g5 47. Rc8
gxh4 48. gxh4 Rb7 49. Rh8 Rg7 50. Rxh5 Rg3 51. Kc4 Rg4 52. Kxb4 Rxe4+ 53. Kb5
Kc7 54. b4 Kb7 55. Rh7+ Kb8 56. Ka5 Re5+ 57. b5 Re4 58. h5 Re6 59. h6 Rf6 60. b6 1-0

[Event "20th HZ Open 2016"]
[Site "Vlissingen NED"]
[Date "2016.08.08"]
[Round "4.8"]
[White "Sasikiran, Krishnan"]
[Black "De Jong, Migchiel"]
[Result "1-0"]
[WhiteTitle "GM"]
[BlackTitle "IM"]
[WhiteElo "2658"]
[BlackElo "2342"]
[WhiteFideId "5004985"]
[BlackFideId "1002848"]
[EventDate "2016.08.06"]

1. d4 e6 2. c4 Bb4+ 3. Bd2 a5 4. Nc3 d5 5. e3 Nf6 6. Bd3 O-O 7. Nf3 b6 8. O-O
Ba6 9. Qe2 Nbd7 10. Rfd1 c5 11. cxd5 Bxd3 12. Qxd3 exd5 13. dxc5 Nxc5 14. Qb5
Ne6 15. Na4 Bc5 16. Bc3 Rc8 17. Qb3 Re8 18. Bxf6 Qxf6 19. Rxd5 b5 20. Nxc5 Nxc5
21. Qxb5 Ne4 22. Re5 Rxe5 23. Qxe5 Qxe5 24. Nxe5 f6 25. Nd3 Rd8 26. Nf4 Rd2 27.
f3 Nd6 28. e4 Rxb2 29. Rd1 Nc4 30. Rd8+ Kf7 31. Rd7+ Ke8 32. Rxg7 Rxa2 33. Rxh7
a4 34. h4 a3 35. Ra7 Rc2 36. h5 a2 37. h6 Ne5 38. h7 Nf7 39. Kh2 1-0

[Event "20th HZ Open 2016"]
[Site "Vlissingen NED"]
[Date "2016.08.08"]
[Round "4.9"]
[White "Freeke, Matthieu"]
[Black "David, Alberto"]
[Result "0-1"]
[WhiteTitle "FM"]
[BlackTitle "GM"]
[WhiteElo "2354"]
[BlackElo "2561"]
[WhiteFideId "1013459"]
[BlackFideId "4000013"]
[EventDate "2016.08.06"]

1. d4 e6 2. c4 Nf6 3. g3 Bb4+ 4. Bd2 a5 5. Bg2 O-O 6. e3 Be7 7. Ne2 d5 8. O-O c6
9. cxd5 exd5 10. Nbc3 Na6 11. f3 c5 12. dxc5 Bxc5 13. Kh1 Re8 14. Nd4 Bd7 15.
Qb3 Nb4 16. a3 a4 17. Qd1 Nc6 18. Rc1 Nxd4 19. exd4 Bxd4 20. Bg5 Bxc3 21. bxc3
Bb5 22. Re1 Rxe1+ 23. Qxe1 Qd6 24. Rb1 Re8 25. Qc1 Bc6 26. Be3 Nd7 27. Bd4 Nc5
28. Qb2 Nb3 29. Bf2 Qe7 30. Kg1 Qe2 31. f4 Nd2 32. Bf1 Qe4 33. Rd1 d4 0-1

[Event "20th HZ Open 2016"]
[Site "Vlissingen NED"]
[Date "2016.08.08"]
[Round "4.10"]
[White "Berchtenbreiter, Maximilian"]
[Black "Ikonnikov, Vyacheslav"]
[Result "0-1"]
[WhiteTitle "IM"]
[BlackTitle "GM"]
[WhiteElo "2373"]
[BlackElo "2536"]
[WhiteFideId "24641120"]
[BlackFideId "4100972"]
[EventDate "2016.08.06"]

1. c3 Nf6 2. g3 d5 3. Bg2 e5 4. d4 Nc6 5. dxe5 Nxe5 6. Nf3 Nxf3+ 7. exf3 Be7 8.
O-O O-O 9. Re1 Bc5 10. a4 a5 11. Na3 c6 12. Nc2 h6 13. Nd4 Ne8 14. Be3 Ba7 15.
Bf1 Nd6 16. b3 c5 17. Nb5 Nxb5 18. Bxb5 d4 19. cxd4 cxd4 20. Bf4 Bf5 21. b4 axb4
22. Qb3 d3 23. Qxb4 Rc8 24. g4 Bg6 25. Be3 Bxe3 26. fxe3 Rc2 27. Qf4 f5 28. Rad1
fxg4 29. Qxg4 Qd6 30. Qg3 Qxg3+ 31. hxg3 Rxf3 32. Bxd3 Rxg3+ 33. Kh1 Bxd3 34.
Rxd3 Kh7 35. Rd4 Rc5 36. Kh2 Rg6 37. Kh3 Rh5+ 38. Rh4 Re5 39. e4 Rd6 40. Rb1 g5
41. Rxb7+ Kg6 42. Rg4 h5 43. Rg3 Rxe4 44. Rb5 g4+ 45. Kh4 Rd1 46. Rb6+ Kf5 47.
Rb5+ Kf4 48. Rg5 Rh1+ 0-1